|
|
|
|
| LEADER |
00977nam a2200253 a 4500 |
| 001 |
GR-Patra15085 |
| 008 |
030213s1999 mau e b 001 0 eng d |
| 020 |
|
|
|a 0256204772
|
| 040 |
|
|
|a GrPaTEI
|b gre
|c GR-PaULI
|
| 040 |
|
|
|a GrPaTEI
|b gre
|c GR-PaULI
|
| 082 |
|
0 |
|a 658.1
|2 21
|
| 100 |
1 |
|
|a Stevenson, Howard H.
|
| 245 |
1 |
0 |
|a New business ventures and the entrepreneur /
|c Howard H. Stevenson et al.
|
| 250 |
|
|
|a 5th ed.
|
| 260 |
|
|
|a Boston :
|b Irwin/McGraw Hill,
|c c1999
|
| 300 |
|
|
|a xvi, 678σ.
|
| 504 |
|
|
|a Περιλαμβάνει βιβλιογραφίες και ευρετήρια.
|
| 650 |
|
0 |
|a New business enterprises
|
| 650 |
|
0 |
|a New business enterprises
|z United States
|
| 710 |
0 |
|
|a Irwin
|
| 942 |
|
|
|2 ddc
|
| 952 |
|
|
|0 0
|1 0
|2 ddc
|4 0
|6 658_100000000000000_STE
|7 0
|9 293901
|a LISK
|b LISK
|c BSC
|d 2021-01-17
|e 24
|f 0
|g 0.00
|l 0
|o 658.1 STE
|p 92410015410
|r 2021-01-17 00:00:00
|t 1
|w 2021-01-17
|y BK15
|x 20030213 0 1
|x GrPaTEI
|
| 971 |
|
|
|a .b26626007
|b 15-04-20
|c 23-09-16
|
| 999 |
|
|
|c 171800
|d 171800
|